La catedral antigua de Lérida /

Guardado en:
Autor Principal: Herrera y Gés, Manuel.
Formato: Libro
Idioma:Spanish
Publicado: Lérida : Artes gráf. Ilerda, 1948.
Edición:2. ed.
Etiquetas: Agregar Etiqueta
Sin Etiquetas, Sea el primero en etiquetar este registro!
LEADER 00463nam a22001575a 4500
001 EUN.um040358
003 AR-BaUNS
005 20050623122911.0
008 041125s1948####sp############000#0#spa#d
245 1 3 |a La catedral antigua de Lérida /  |c Manuel Herrera y Gés. 
260 |a Lérida :  |b Artes gráf. Ilerda,  |c 1948. 
300 |a 62 p. 
100 1 |a Herrera y Gés, Manuel. 
082 0 4 |a 709.46 
250 |a 2. ed. 
859 |a Ar-BaUNS  |b BIB. CENTRAL - Sector C  |h 709.46  |i H433  |p 889/961